| 000 | 00610cam a2200157K 4500 | ||
|---|---|---|---|
| 082 | 0 | 4 |
_a973.7 _bHEN |
| 100 | 1 |
_aHenderson, G. F. R. _946591 |
|
| 245 | 1 | 0 |
_aStonewall Jackson and the American civil war _cby Lieut. Col. G.F.R. Henderson. |
| 260 |
_aLondon, _aNew York, _bLongmans, Green and Co., _c1898. |
||
| 300 |
_a1 online resource (2 v.) _bport. (incl. front) 33 maps (part fold.) |
||
| 526 |
_a0 _b0 _c0 _d973_700000000000000_HEN |
||
| 650 | 0 |
_aGenerals _zConfederate States of America _950243 |
|
| 650 | 0 |
_aMCE _9379 |
|
| 856 | 4 | 0 | _uhttp://catalog.hathitrust.org/api/volumes/oclc/3736587.html |
| 942 |
_2ddc _cBK |
||
| 999 |
_c553053 _d553053 |
||